000 00785nam a22002177a 4500
999 _c1621
_d1621
003 AR-CdUCM
008 190227b ||||| |||| 00| 0 spa d
040 _aMUNICIPALIDAD PROVINCIAL DEL CUSCO
_cBIBLIOTECA MUNICIPAL DEL CUSCO
082 _a335.4 /
_bL45
100 _aLenin, V. I.
_94963
245 _aEl control obrero y la nacionalización de la industria /
260 _aMoscu :
_bEditorial Progreso ,
_c1997.
300 _a268 páginas
_c20 cm.
505 _aA los pobres del campo -- Enseñanzas de la comuna -- Carlos Marx -- De la quinta carta, las tareas de la organización proletaria...
650 _aLenin.
_92073
650 _aMarx.
_94291
650 _aClase proletaria.
_96060
650 _aPoder soviético.
_96061
942 _2ddc
_cLIBROS
945 _awfj
_d2019-02-27